Statistics for the worst countrys to play a world cup

Click here to take the quiz!

General Stats

  • This quiz has been taken 6 times
  • The average score is 8 of 15

Answer Stats

HintAnswer% Correct
CONCACAFMexico
83%
CONCACAFMexico
83%
CONCACAFMexico
83%
CONCACAFUsa
83%
CONCACAFCanada
67%
UEFAGreece
67%
AFCIndonesia
50%
AFCUae
50%
CONEMBOLBolivia
33%
UEFASwitzerland
33%
UEFASwitzerland
33%
CAFZaire
33%
CONCACAFEl Salvador
17%
CONCACAFEl Salvador
17%
OFCSouth Korea
17%

Score Distribution

Percentile by Number Answered

Percent of People with Each Score

Your Score History

You have not taken this quiz